LEADER 02280nas a2200313 i 4500 001 000000002156 003 CaOOAMICUS 005 20210507171828.0 008 180830c19809999it tr p u0 0ita r 022 $a0393-3598 040 $aSeMil$bita 240 10$aCristianesimo nella Storia : ricerche storiche, esegetiche, teologiche = studies in history, exegesis and theology.$0(OLS)http://semarc/title/3587 245 00$aCristianesimo nella Storia :$bricerche storiche, esegetiche, teologiche /$crivista semestrale a cura dell'Istituto per le Scienze Religiose ; con il patrocinio dell'Universitā degli Studi di Bologna. 260 $aBologna :$bEDB,$c1980- 300 $a22 cm. 310 $aQuadrimestrale 362 0 $a1980- 500 $aDal 1984 (Vol. 5.) la periodicitā varia in : Quadrimestrale. - Complemento parallelo del titolo dal 1989 (Vol. 10.) : Studies in history, exegesis and theology. - Dal 2015 (Vol. 36) l'Editore varia in : Bologna : Il Mulino. 510 4 $aCod. rivista ACNP:$cP 74749 700 1 $aAlberigo, Giuseppe,$d<1926-2007>.$0(OLS)http://semarc/name/743 710 2 $aUniversitā degli Studi .$0(OLS)http://semarc/name/1866 710 2 $aFondazione per le Scienze Religiose Giovanni XXIII :$bIstituto per le Scienze Religiose <1953>$g.$0(OLS)http://semarc/name/227 850 $aSeMil 852 $aSeMil$W1$xVenegono$y1$pCliccare per visualizzare collocazione, posseduto cumulativo e fascicoli ricevuti dell?annata corrente

Cliccare per visualizzare eventuali spogli (alla eventuale voce ?Indici? in fondo di pagina)$B226839$CSeMilBibl$Z2$F226839 $85 961 $aCambio. Scuola Cattolica 996 $6022$a0393-3598$9(OLS)http://semarc/number/224 996 $6245$aCristianesimo nella Storia :$bricerche storiche, esegetiche, teologiche$9(OLS)http://semarc/title/3586 996 $6260$aBologna :$bEDB$9(OLS)http://semarc/publisher/29669 LEADER 01431nam a2200325 i 4500 001 000000126399 003 CaOOAMICUS 005 20060209000000.0 008 060209s1998 it u000 u ita u 013 $a99105 020 $a88-7610-657-X 040 $aSeMil$bita 100 1 $aCarmagnani, Rossana <1945>.$0(OLS)http://semarc/name/15839 245 10$aRadici e ali :$bproposte per genitori che non rinunciano a educare /$cRossana Carmagnani, Mario Danieli ; con la collaborazione di Paola e Luciano Castagna. 260 $aMilano :$bĀncora,$ccopyr. 1998. 300 $a143 p. ;$c21 cm. 490 0 $aPercorsi familiari 500 $aFondo Card. C.M. Martini. 650 4$aEducazione.$0(OLS)http://semarc/subject/204 700 1 $aCastagna, Luciano.$0(OLS)http://semarc/name/52523 700 1 $aCastagna, Paola.$0(OLS)http://semarc/name/52522 700 1 $aDanieli, Mario,$c.$0(OLS)http://semarc/name/18810 830 0$aPercorsi familiari.$0(OLS)http://semarc/title/10283 850 $aSeMil 852 $aSeMil$W1$xVenegono$y1$m2E III 61$j80772$B80772$CSeMilBibl$Z2$F108818 $81 941 1 $a4 961 $aOmaggio: Martini Card. Carlo Maria 996 $6020$a88-7610-657-X$9(OLS)http://semarc/number/112554 996 $6245$aRadici e ali :$bproposte per genitori che non rinunciano a educare$9(OLS)http://semarc/title/186343 996 $6260$aMilano :$bĀncora$9(OLS)http://semarc/publisher/29763